<?xml version="1.0" encoding="UTF-8"?>
<record
    xmlns:xsi="http://www.w3.org/2001/XMLSchema-instance"
    xsi:schemaLocation="http://www.loc.gov/MARC21/slim http://www.loc.gov/standards/marcxml/schema/MARC21slim.xsd"
    xmlns="http://www.loc.gov/MARC21/slim">

  <leader>03156njm a2200529Ia 4500</leader>
  <controlfield tag="001">20764</controlfield>
  <controlfield tag="003">IT-RoPAU</controlfield>
  <controlfield tag="005">20220918181122.0</controlfield>
  <controlfield tag="008">131025s9999    xx            000 0 und d</controlfield>
  <datafield tag="040" ind1=" " ind2=" ">
    <subfield code="a">IT-RoPAU</subfield>
  </datafield>
  <datafield tag="040" ind1=" " ind2=" ">
    <subfield code="c">IT-RoPAU</subfield>
  </datafield>
  <datafield tag="041" ind1=" " ind2=" ">
    <subfield code="a">ITALIANO</subfield>
  </datafield>
  <datafield tag="999" ind1=" " ind2=" ">
    <subfield code="c">99887</subfield>
    <subfield code="d">99887</subfield>
  </datafield>
  <datafield tag="999" ind1=" " ind2=" ">
    <subfield code="b">n.d.</subfield>
  </datafield>
  <datafield tag="100" ind1=" " ind2=" ">
    <subfield code="a">AA.VV.</subfield>
    <subfield code="9">794</subfield>
  </datafield>
  <datafield tag="100" ind1=" " ind2=" ">
    <subfield code="e">Autore musica</subfield>
    <subfield code="9">3068</subfield>
  </datafield>
  <datafield tag="100" ind1=" " ind2=" ">
    <subfield code="g">Codice autore musica SPICS: 12000</subfield>
    <subfield code="9">796</subfield>
  </datafield>
  <datafield tag="245" ind1=" " ind2=" ">
    <subfield code="a">Campagna bella!</subfield>
  </datafield>
  <datafield tag="250" ind1=" " ind2=" ">
    <subfield code="a">2a ed.</subfield>
  </datafield>
  <datafield tag="260" ind1=" " ind2=" ">
    <subfield code="a">MILANO</subfield>
  </datafield>
  <datafield tag="260" ind1=" " ind2=" ">
    <subfield code="b">FRATELLI FABBRI EDITORI</subfield>
    <subfield code="c">1982 [1a Ed.:1970]</subfield>
  </datafield>
  <datafield tag="300" ind1=" " ind2=" ">
    <subfield code="a">DISCO</subfield>
  </datafield>
  <datafield tag="300" ind1=" " ind2=" ">
    <subfield code="c">25 minuti (Testo:  pag.)</subfield>
  </datafield>
  <datafield tag="500" ind1=" " ind2=" ">
    <subfield code="a">La canzone italiana. La canzone e la cronaca. Abruzzo, pace, felicit&#xE0;, amore, mamma, ricordi, preghiera, sposare un pastorello, alpino che torna, vivere in campagna, cercare l'amore.</subfield>
  </datafield>
  <datafield tag="505" ind1=" " ind2=" ">
    <subfield code="a">Reginella campagnola [(Di Lazzaro/Bruno-Consolini) (3:00)] - Campane [(Cherubini/Di Lazzaro-Villa) (4:00)] - Amor di pastorello [(Nutile/Bovio-Togliani) (3:00)] - Fiorin fiorello [(Mascheroni/Mendes-Villa) (3:00)] - Rosabella del Molise[ (Di Lazzaro/Giampa-Bonino/Fioresi) (4:00)] - Chiesetta alpina [(De Martino/Arrigo-Fioresi-Carboni) (4:00)] - Se vuoi goder la vita [(Cherubini/Bixio-Buti) (3:00)] - Op op trotta cavallino [(Kramer/Frati-Nella Colombo) (4:00)]</subfield>
  </datafield>
  <datafield tag="511" ind1=" " ind2=" ">
    <subfield code="a">Consolini Giorgio</subfield>
  </datafield>
  <datafield tag="511" ind1=" " ind2=" ">
    <subfield code="a">Villa Claudio</subfield>
  </datafield>
  <datafield tag="511" ind1=" " ind2=" ">
    <subfield code="a">Togliani Achille</subfield>
  </datafield>
  <datafield tag="511" ind1=" " ind2=" ">
    <subfield code="a">Bonino Ernesto e Fioresi Silvana</subfield>
  </datafield>
  <datafield tag="511" ind1=" " ind2=" ">
    <subfield code="a">Fioresi Silvana e Carboni Oscar</subfield>
  </datafield>
  <datafield tag="511" ind1=" " ind2=" ">
    <subfield code="a">Buti Carlo</subfield>
  </datafield>
  <datafield tag="511" ind1=" " ind2=" ">
    <subfield code="a">Colombo Nella</subfield>
  </datafield>
  <datafield tag="650" ind1=" " ind2=" ">
    <subfield code="a">CANZONE ITALIAN [DISCHI]</subfield>
    <subfield code="e">Codice MATERIA SPICS: 9950</subfield>
    <subfield code="9">3069</subfield>
  </datafield>
  <datafield tag="700" ind1=" " ind2=" ">
    <subfield code="a">Di Lazzaro Eldo</subfield>
    <subfield code="d">Codice autore testo/musica SPICS: 13500</subfield>
    <subfield code="e">Autore testo/music</subfield>
    <subfield code="p">Reginella campagnola - Campane - Rosabella del Molise</subfield>
    <subfield code="9">3070</subfield>
  </datafield>
  <datafield tag="700" ind1=" " ind2=" ">
    <subfield code="a">Bruno C.</subfield>
    <subfield code="d">Codice autore SPICS: 13502</subfield>
    <subfield code="e">Autore SPICS: 13502</subfield>
    <subfield code="p">Reginella campagnola</subfield>
    <subfield code="9">3071</subfield>
  </datafield>
  <datafield tag="700" ind1=" " ind2=" ">
    <subfield code="a">Cherubini Bixio</subfield>
    <subfield code="d">Codice autore testo/musica SPICS: 13442</subfield>
    <subfield code="e">Autore testo/musica</subfield>
    <subfield code="p">Campane - Se vuoi goder la vita</subfield>
    <subfield code="9">3072</subfield>
  </datafield>
  <datafield tag="700" ind1=" " ind2=" ">
    <subfield code="a">Bovio Libero</subfield>
    <subfield code="d">Codice autore musica SPICS: 13462</subfield>
    <subfield code="e">Autore musica</subfield>
    <subfield code="p">Amor di pastorello</subfield>
    <subfield code="9">3073</subfield>
  </datafield>
  <datafield tag="700" ind1=" " ind2=" ">
    <subfield code="a">Nutile Emanuele</subfield>
    <subfield code="d">Codice autore testo/musica SPICS: 13525</subfield>
    <subfield code="e">Autore testo/musica</subfield>
    <subfield code="p">Amor di pastorello</subfield>
    <subfield code="9">3074</subfield>
  </datafield>
  <datafield tag="700" ind1=" " ind2=" ">
    <subfield code="a">Mendes Peppino</subfield>
    <subfield code="d">Codice autore musica SPICS: 13135</subfield>
    <subfield code="e">Autore musica</subfield>
    <subfield code="p">Fiorin fiorello</subfield>
    <subfield code="9">3075</subfield>
  </datafield>
  <datafield tag="700" ind1=" " ind2=" ">
    <subfield code="a">Mascheroni Vittorio</subfield>
    <subfield code="d">Codice autore testo/musica SPICS: 13134</subfield>
    <subfield code="e">Autore testo/musica</subfield>
    <subfield code="p">Fiorin fiorello</subfield>
    <subfield code="9">3076</subfield>
  </datafield>
  <datafield tag="700" ind1=" " ind2=" ">
    <subfield code="a">Gianipa (Giampa-Palmieri Gian Nicola)</subfield>
    <subfield code="d">Codice autore musica SPICS: 14194</subfield>
    <subfield code="e">Autore musica</subfield>
    <subfield code="p">Rosabella del Molise</subfield>
    <subfield code="9">3077</subfield>
  </datafield>
  <datafield tag="700" ind1=" " ind2=" ">
    <subfield code="a">Arrigo</subfield>
    <subfield code="d">Codice autore musica SPICS: 16131</subfield>
    <subfield code="e">Autore musica</subfield>
    <subfield code="p">Chiesetta alpina</subfield>
    <subfield code="9">3078</subfield>
  </datafield>
  <datafield tag="700" ind1=" " ind2=" ">
    <subfield code="a">De Martino Ernesto</subfield>
    <subfield code="d">Codice autore testo/musica SPICS:  7351</subfield>
    <subfield code="e">Autore testo/musica</subfield>
    <subfield code="p">Chiesetta alpina</subfield>
    <subfield code="9">3079</subfield>
  </datafield>
  <datafield tag="700" ind1=" " ind2=" ">
    <subfield code="a">Bixio Cesare Andrea</subfield>
    <subfield code="d">Codice autore musica SPICS: 13441</subfield>
    <subfield code="e">Autore musica</subfield>
    <subfield code="p">Se vuoi goder la vita</subfield>
    <subfield code="9">3080</subfield>
  </datafield>
  <datafield tag="700" ind1=" " ind2=" ">
    <subfield code="a">Frati Enrico</subfield>
    <subfield code="d">Codice autore musica SPICS: 13443</subfield>
    <subfield code="e">Autore musica</subfield>
    <subfield code="p">Op op trotta cavallino</subfield>
    <subfield code="9">3081</subfield>
  </datafield>
  <datafield tag="700" ind1=" " ind2=" ">
    <subfield code="a">Kramer Gorni</subfield>
    <subfield code="d">Codice autore testo/musica SPICS: 11552</subfield>
    <subfield code="e">Autore testo/musica</subfield>
    <subfield code="p">Op op trotta cavallino</subfield>
    <subfield code="9">3082</subfield>
  </datafield>
  <datafield tag="942" ind1=" " ind2=" ">
    <subfield code="c">MD</subfield>
    <subfield code="2">ddc</subfield>
  </datafield>
  <datafield tag="952" ind1=" " ind2=" ">
    <subfield code="0">0</subfield>
    <subfield code="1">0</subfield>
    <subfield code="4">0</subfield>
    <subfield code="6">20764_000000000000000</subfield>
    <subfield code="7">1</subfield>
    <subfield code="a">SPICS</subfield>
    <subfield code="b">SPICS</subfield>
    <subfield code="d">2013-10-25</subfield>
    <subfield code="l">0</subfield>
    <subfield code="o">20764</subfield>
    <subfield code="r">2013-10-25 00:00:00</subfield>
    <subfield code="w">2013-10-25</subfield>
    <subfield code="y">MD</subfield>
    <subfield code="z">Progr. Ins.: 4067 / N.Vol.: 1 / Copie: 1 - Copia rara: n.d. / date import: 01.01.2014 - By Epidotti, Trombetti, Vaglietti</subfield>
  </datafield>
</record>
